MIŞ GİBİ YAŞAMLAR (Kayıt no. 768042)

MARC ayrıntıları
000 -LEADER
sabit uzunluktaki kontrol alanı 00250nam a2200097Ia 4500
001 - KONTROL NUMARASI
kontrol alanı 768042
005 - EN SON İŞLEMİN TARİH VE ZAMANI
kontrol alanı 20250826165411.0
008 - SABİT-UZUNLUKTA VERİ ÖĞELERİ--GENEL BİLGİ
sabit uzunluktaki kontrol alanı 250824s9999 xx 000 0 und d
245 #0 - ESER / YAZAR
ESER ADI MIŞ GİBİ YAŞAMLAR
Yazar Adı DOĞAN CÜCELOĞLU
260 ## - YAYIN, DAĞITIM, VB.
YAYIN EVİ REMZİ KİTABEVİ
Mevcut
Düşüm durumu Kayıp durumu Hasar Durumu Ödünç verilmez Ana kütüphane Geçerli Kütüphane Edinilen tarih Toplam ödünç verme sayısı Barkod Son görüntüleme tarihi Fiyatın geçerli olmaya başladığı tarih Koha materyal türü
        OSMAN NURİ HEKİMOĞLU ANADOLU LİSESİ OSMAN NURİ HEKİMOĞLU ANADOLU LİSESİ 24.08.2025   10333881 26.08.2025 26.08.2025 Kitaplar
Gemini Bilgi Teknolojileri A.Ş. tarafından düzenlenmiştir.